Are they Danish? - Statistics

General Stats
  • This quiz has been taken 27 times
  • The average score is 9 of 18
Answers on the Grid
Answers color-coded by a green-red scale on the quiz's grid according to % correct below.
Hans Cristian Andersen (1805-1875)
Søren Aabye Kierkegaard (1813-1855)
Greta Thunberg (2003)
Karen Blixen (1885-1962)
August Strindberg (1849-1912)
Susanne Bier (1960)
Victor Borge (1909-2000)
Björk (1965)
Nikolaj Coster-Waldau (1970)
Anne Frank (1929-1945)
Mads Mikkelsen (1965)
Bertel Thorvaldsen (1770-1844)
Johann Gutenberg (1393-1468)
Lars von Trier (1956)
Edvard Munch (1863-1944)
Harald Bluetooth (died 986)
Asger Jorn (1914-1973)
Edvard Munch
Hamlet (fictional caracter, 1599)
Gorm the Old (died 958)
Henrik Ibsen (1828-1906)
Alfred Nobel (1833-1896)
Vitus Bering (1681-1741)
Niels Bohr (1885-1962)
Leif Erikson aka Leif the Lucky (970s to 1018-25)
Astrid Lindgren (1907-2002)
Bille August (1948)
Albert Einstein (1879-1955)
Immanuel Kant (1724-1804)
Aqua (music band, 1995-present)
Verner Panton (1926-1998)
Aino Aalto (1894-1949)
 
Answer Stats
Answer % Correct
Hans Cristian Andersen (1805-1875)
100%
Søren Aabye Kierkegaard (1813-1855)
90%
Mads Mikkelsen (1965)
75%
Niels Bohr (1885-1962)
70%
Nikolaj Coster-Waldau (1970)
65%
Karen Blixen (1885-1962)
60%
Hamlet (fictional caracter, 1599)
55%
Lars von Trier (1956)
55%
Harald Bluetooth (died 986)
50%
Susanne Bier (1960)
45%
Victor Borge (1909-2000)
40%
Aqua (music band, 1995-present)
35%
Gorm the Old (died 958)
35%
Asger Jorn (1914-1973)
25%
Bertel Thorvaldsen (1770-1844)
25%
Bille August (1948)
25%
Vitus Bering (1681-1741)
25%
Verner Panton (1926-1998)
10%
No matching quizzes found
Score Distribution
Percent of People with Each Score
Percentile by Number Answered
Your Score History
You have not taken this quiz